Comparative Analysis of Selected Determinants of Innovation in EU Countries

Definícia a mnohostranné skúmanie relevantnosti determinantov inovácie v EÚ krajinách. Skúmanie vzťahu medzi úrovňou inovácií v EÚ krajinách a ďalšími faktormi: HDP, počet prihlásených patentov, inovatívne produkty, alebo náklady na výskum a vývoj.

Guardado en:
Detalles Bibliográficos
Autor principal: Brožek, Katarzyna
Formato: Capítulo de libro
Lenguaje:inglés
Materias:
Etiquetas: Agregar Etiqueta
Sin Etiquetas, Sea el primero en etiquetar este registro!

MARC

LEADER 00000nla a2200000 4500
001 0241090
005 20240417075133.1
041 0 |a eng 
044 |a CZ 
245 1 0 |a Comparative Analysis of Selected Determinants of Innovation in EU Countries  |c Katarzyna Brožek 
520 |a Definícia a mnohostranné skúmanie relevantnosti determinantov inovácie v EÚ krajinách. Skúmanie vzťahu medzi úrovňou inovácií v EÚ krajinách a ďalšími faktormi: HDP, počet prihlásených patentov, inovatívne produkty, alebo náklady na výskum a vývoj. 
610 2 0 |a inovácia 
610 2 0 |a výskum 
610 2 0 |a veda 
610 2 0 |a analýza komparatívna 
610 2 0 |a Európska únia 
610 2 0 |a rozvoj vedecký 
610 2 0 |a vývoj vedeckotechnický 
100 1 |a Brožek, Katarzyna